| 000 | 01143nam a22004217a 4500 | ||
|---|---|---|---|
| 001 | 0045165 | ||
| 003 | KOHA_MİRAKIL | ||
| 005 | 20260207003123.0 | ||
| 007 | ta | ||
| 008 | 121231b2013 tu |||gr||||#||||0|tur | | ||
| 020 | _a9786051336244 | ||
| 040 |
_aTR-BiSEU _btur _cTR-BiSEU _erda |
||
| 041 | 0 | _atur | |
| 044 | _ctu | ||
| 050 |
_aBP190.5 _b.O93 2013 |
||
| 100 | 1 | _aÖzarslan, Selim. | |
| 245 | 1 |
_aİslam inanç esasları : _btemel dini bilgiler/ _cSelim Özarslan ; Selim Özarslan. |
|
| 250 | _a1. Basım | ||
| 264 | 1 |
_aAnkara : _bNobel _c2013 |
|
| 300 |
_aXII, 170 sayfa ; _c22 cm. |
||
| 336 |
_ametin _btxt _2rdacontent |
||
| 337 |
_aaracısız _bn _2rdamedia |
||
| 338 |
_acilt _bnc _2rdacarrier |
||
| 490 | 1 |
_aYayın ; _vNu. |
|
| 490 | 1 | _a723. | |
| 490 | 1 |
_aSosyal Bilimler ; _vNu. |
|
| 490 | 1 | _a54. | |
| 500 | _aKaynakça var. | ||
| 650 | 0 |
_aDin. _923404 |
|
| 650 | 0 |
_aTemel dini bilgiler. _972963 |
|
| 650 | 0 |
_aİman. _923890 |
|
| 650 | 0 |
_aAkaid. _968183 |
|
| 830 | 1 |
_aYayın ; _vNu. _91557 |
|
| 830 | 1 |
_a723. _972964 |
|
| 830 | 1 |
_aSosyal Bilimler ; _vNu. _949770 |
|
| 830 | 1 |
_a54. _98470 |
|
| 942 |
_2lcc _cBK |
||
| 999 |
_c39092 _d39092 |
||